000
00237nam a2200097Ia 4500
008
170620s9999 xx 000 0 und d
100
_a
manju -devi
245
0
_a
sanskirit ka kaksha Shikshan
260
_b
Radha Prakashan Mandir Agra
260
_c
2017
300
_a
120
999
_c
28356
_d
28356